[Event "LSS No Engine Cup 31 Preliminary 2"]
[Site "LSS email"]
[Date "2010.11.22"]
[Round "?"]
[White "Vyletel, Roman"]
[Black "Zimmermann, Matthias"]
[Result "0-1"]
[WhiteElo "938"]
[BlackElo "706"]
[PlyCount "26"]
[EventDate "2010.11.23"]
[EventType "tourn (corr)"]
[EventRounds "6"]
[EventCountry "GER"]
[SourceTitle "Corr 2015"]
[Source "ChessBase"]
[SourceDate "2015.07.17"]
[SourceVersion "1"]
[SourceVersionDate "2015.07.17"]
[SourceQuality "1"]

1. d4 Nf6 2. c4 e6 3. Nf3 b6 4. Nc3 Bb7 5. Bg5 h6 6. Bxf6 Qxf6 7. e4 Bb4 8. Bd3 d5 9. e5 Qe7 10. 0-0 c5 11. a3 Ba5 12. dxc5 Qxc5 13. b4 Bxb4 0-1

[Event "LSS RF-2010-0-00062"]
[Site "LSS email"]
[Date "2010.11.20"]
[Round "?"]
[White "Vyletel, Roman"]
[Black "Warnecke, Detlef"]
[Result "1-0"]
[WhiteElo "1089"]
[BlackElo "1051"]
[PlyCount "49"]
[EventDate "2010.10.05"]
[EventType "tourn (corr)"]
[EventRounds "6"]
[EventCountry "GER"]
[SourceTitle "Telechess CBM 143"]
[Source "ChessBase"]
[SourceDate "2011.07.15"]
[SourceVersion "1"]
[SourceVersionDate "2011.07.15"]
[SourceQuality "1"]

1. d4 d5 2. c4 dxc4 3. Nc3 Nf6 4. e4 e6 5. Bg5 Be7 6. Bxc4 h6 7. Bxf6 Bxf6 8. e5 Be7 9. Nf3 0-0 10. 0-0 a6 11. h3 Nd7 12. Nh2 Nb6 13. Bb3 Nd5 14. f4 Nb6 15. Qd3 Bd7 16. Rad1 Bc6 17. f5 exf5 18. Qxf5 Be8 19. d5 Qc8 20. Qe4 c5 21. d6 Bd8 22. e6 Bc6 23. Qg6 c4 24. exf7+ Kh8 25. Bc2 1-0

[Event "ZL-2010-0-00790"]
[Site "LSS email"]
[Date "2010.10.23"]
[Round "?"]
[White "Vyletel, Roman"]
[Black "Rodriguez, Raul"]
[Result "0-1"]
[WhiteElo "991"]
[BlackElo "1274"]
[PlyCount "24"]
[EventDate "2010.10.17"]
[EventType "match (corr)"]
[EventRounds "2"]
[EventCountry "GER"]
[SourceTitle "Corr 2013"]
[Source "ChessBase"]
[SourceDate "2012.11.12"]
[SourceVersion "1"]
[SourceVersionDate "2012.11.12"]
[SourceQuality "1"]

1. d4 d5 2. c4 dxc4 3. Nc3 Nc6 4. e3 e5 5. dxe5 Qxd1+ 6. Nxd1 Nxe5 7. Nc3 Nf6 8. Nge2 Nd3+ 9. Kd2 Nxf2 10. Rg1 Bg4 11. h3 0-0-0+ 12. Kc2 Bf5+ 0-1

[Event "LSS SF-2010-0-00075"]
[Site "LSS email"]
[Date "2010.10.22"]
[Round "?"]
[White "Baznik Wilson, Anthony J"]
[Black "Vyletel, Roman"]
[Result "1-0"]
[WhiteElo "1108"]
[BlackElo "1013"]
[PlyCount "35"]
[EventDate "2010.09.20"]
[EventType "tourn (corr)"]
[EventRounds "6"]
[EventCountry "GER"]
[SourceTitle "Telechess CBM 149"]
[Source "ChessBase"]
[SourceDate "2012.07.17"]
[SourceVersion "1"]
[SourceVersionDate "2012.07.17"]
[SourceQuality "1"]
[WhiteTeam "US of America"]
[WhiteTeamCountry "USA"]

1. e4 c5 2. Bc4 e6 3. Nf3 d5 4. exd5 exd5 5. Qe2+ Be7 6. Bb5+ Bd7 7. 0-0 a6 8. Bxd7+ Nxd7 9. Re1 Ngf6 10. d3 h6 11. Nc3 d4 12. Nd1 Nd5 13. c3 b5 14. cxd4 0-0 15. Ne3 Nf4 16. Qd1 cxd4 17. Nxd4 Bc5 18. Nef5 1-0

[Event "LSS SF-2010-0-00075"]
[Site "LSS email"]
[Date "2010.10.22"]
[Round "?"]
[White "Vyletel, Roman"]
[Black "Ausan, Leo Tito Jr"]
[Result "0-1"]
[WhiteElo "1013"]
[BlackElo "1177"]
[PlyCount "70"]
[EventDate "2010.09.20"]
[EventType "tourn (corr)"]
[EventRounds "6"]
[EventCountry "GER"]
[SourceTitle "Telechess CBM 149"]
[Source "ChessBase"]
[SourceDate "2012.07.17"]
[SourceVersion "1"]
[SourceVersionDate "2012.07.17"]
[SourceQuality "1"]

1. d4 Nf6 2. c4 e6 3. Nc3 Bb4 4. Qc2 0-0 5. Bd2 c5 6. e3 a6 7. Nf3 d5 8. dxc5 dxc4 9. Bxc4 Bxc5 10. 0-0 b5 11. Bd3 Nbd7 12. Ne4 Be7 13. Bc3 h6 14. Rfd1 Qc7 15. Rac1 Nd5 16. Qd2 Qb8 17. a3 Bb7 18. Ba5 Ne5 19. Be2 Nf6 20. Nxf6+ Bxf6 21. Nxe5 Qxe5 22. Bc3 Qg5 23. f3 Rad8 24. Bxf6 Qxf6 25. Qb4 Qg5 26. Qc3 Rc8 27. Qd4 Bd5 28. Qf4 Qxf4 29. exf4 Rfd8 30. b4 Kf8 31. Bd3 Ke7 32. Kf2 Rc6 33. Be4 Rc4 34. Rxc4 bxc4 35. Ke3 f5 0-1

[Event "LSS SF-2010-0-00075"]
[Site "LSS email"]
[Date "2010.10.22"]
[Round "?"]
[White "Vyletel, Roman"]
[Black "Khramkov, Alexey Gennadievic"]
[Result "0-1"]
[WhiteElo "1013"]
[BlackElo "1132"]
[PlyCount "36"]
[EventDate "2010.09.20"]
[EventType "tourn (corr)"]
[EventRounds "6"]
[EventCountry "GER"]
[SourceTitle "Telechess CBM 149"]
[Source "ChessBase"]
[SourceDate "2012.07.17"]
[SourceVersion "1"]
[SourceVersionDate "2012.07.17"]
[SourceQuality "1"]

1. d4 Nf6 2. c4 g6 3. Nc3 d5 4. e3 Bg7 5. Nf3 c6 6. Bd3 0-0 7. 0-0 Nbd7 8. cxd5 cxd5 9. Qc2 a6 10. b3 Re8 11. Bb2 e6 12. Rac1 b5 13. a4 bxa4 14. Nxa4 Bb7 15. Nc5 Nxc5 16. dxc5 Bc6 17. Ne5 Qc7 18. Nxc6 Qxc6 0-1

[Event "LSS SF-2010-0-00075"]
[Site "LSS email"]
[Date "2010.10.22"]
[Round "?"]
[White "Vyletel, Roman"]
[Black "Razo, Ryan Jose"]
[Result "0-1"]
[WhiteElo "1013"]
[BlackElo "1118"]
[PlyCount "32"]
[EventDate "2010.09.20"]
[EventType "tourn (corr)"]
[EventRounds "6"]
[EventCountry "GER"]
[SourceTitle "Corr 2015"]
[Source "ChessBase"]
[SourceDate "2015.07.17"]
[SourceVersion "1"]
[SourceVersionDate "2015.07.17"]
[SourceQuality "1"]

1. e4 e5 2. Nf3 Nc6 3. Bb5 a6 4. Bxc6 dxc6 5. d4 exd4 6. Qxd4 Qxd4 7. Nxd4 Bd7 8. 0-0 0-0-0 9. Be3 Bd6 10. a3 Ne7 11. Nc3 f6 12. Rad1 Ng6 13. g3 Bh3 14. Rfe1 Ne5 15. Nf5 Bxf5 16. exf5 Nf3+ 0-1

[Event "LSS SE-2010-0-00054"]
[Site "LSS email"]
[Date "2010.09.26"]
[Round "?"]
[White "Vyletel, Roman"]
[Black "Slavin, Pablo"]
[Result "0-1"]
[WhiteElo "938"]
[BlackElo "1035"]
[PlyCount "52"]
[EventDate "2010.06.27"]
[EventType "tourn (corr)"]
[EventRounds "6"]
[EventCountry "GER"]
[SourceTitle "Telechess CBM 145"]
[Source "Chessbase"]
[SourceDate "2011.11.11"]
[SourceVersion "1"]
[SourceVersionDate "2011.11.11"]
[SourceQuality "1"]

1. d4 Nf6 2. c4 e6 3. Nc3 c5 4. e3 d5 5. cxd5 Nxd5 6. Nf3 cxd4 7. Nxd4 Nxc3 8. bxc3 Qa5 9. Bd2 a6 10. Be2 Nc6 11. Nxc6 bxc6 12. 0-0 Be7 13. c4 Qc7 14. Qc2 Rb8 15. Rab1 0-0 16. Rxb8 Qxb8 17. Rb1 Qa7 18. Bd3 g6 19. Qc3 f5 20. e4 Bf6 21. Qc1 Qd4 22. Qc2 Rd8 23. Rb3 fxe4 24. Be3 exd3 25. Qd2 Qa1+ 26. Qc1 d2 0-1

[Event "LSS SE-2010-0-00052"]
[Site "LSS email"]
[Date "2010.07.31"]
[Round "?"]
[White "Quirk, Michael"]
[Black "Vyletel, Roman"]
[Result "1-0"]
[WhiteElo "1305"]
[BlackElo "1166"]
[PlyCount "35"]
[EventDate "2010.06.01"]
[EventType "tourn (corr)"]
[EventRounds "6"]
[EventCountry "GER"]
[SourceTitle "Telechess CBM 141"]
[Source "ChessBase"]
[SourceDate "2011.03.17"]
[SourceVersion "1"]
[SourceVersionDate "2011.03.17"]
[SourceQuality "1"]

1. b3 Nc6 2. Bb2 e5 3. e3 a6 4. Ne2 d5 5. d4 e4 6. c4 Nf6 7. Ng3 g6 8. cxd5 Qxd5 9. Bc4 Qd8 10. d5 Na5 11. Be2 Bb4+ 12. Kf1 0-0 13. Qd4 Be7 14. Nxe4 Kg7 15. b4 c5 16. Qe5 cxb4 17. d6 Nc6 18. Qf4 1-0

[Event "LSS SE-2010-0-00050"]
[Site "LSS email"]
[Date "2010.06.27"]
[Round "?"]
[White "Vyletel, Roman"]
[Black "Cook, Phil"]
[Result "0-1"]
[WhiteElo "938"]
[BlackElo "1163"]
[PlyCount "72"]
[EventDate "2010.05.15"]
[EventType "tourn (corr)"]
[EventRounds "6"]
[EventCountry "GER"]
[SourceTitle "Telechess CBM 145"]
[Source "Chessbase"]
[SourceDate "2011.11.11"]
[SourceVersion "1"]
[SourceVersionDate "2011.11.11"]
[SourceQuality "1"]

1. d4 c6 2. c4 Nf6 3. Nc3 d5 4. Nf3 e6 5. cxd5 cxd5 6. Bg5 Be7 7. e3 0-0 8. Bd3 Ne4 9. Bxe7 Qxe7 10. Nxe4 dxe4 11. Bxe4 Qb4+ 12. Qd2 Qxd2+ 13. Kxd2 f5 14. Bc2 Bd7 15. Ne5 Bc6 16. f3 Re8 17. h4 Nd7 18. Nxc6 bxc6 19. g4 fxg4 20. fxg4 c5 21. Ba4 Re7 22. Rac1 Nf6 23. g5 Ne4+ 24. Ke1 cxd4 25. exd4 Rd8 26. Rf1 Nd6 27. Rf2 Nf5 28. h5 Nxd4 29. Rd1 e5 30. Kf1 g6 31. hxg6 hxg6 32. Rf6 Kg7 33. Rd3 e4 34. Re3 Nf5 35. Re1 Rd2 36. Re2 Ng3+ 0-1

[Event "LSS SE-2010-0-00050"]
[Site "LSS email"]
[Date "2010.06.26"]
[Round "?"]
[White "Vyletel, Roman"]
[Black "Saunders, Barrie"]
[Result "0-1"]
[WhiteElo "1079"]
[BlackElo "1289"]
[PlyCount "88"]
[EventDate "2010.05.15"]
[EventType "tourn (corr)"]
[EventRounds "6"]
[EventCountry "GER"]
[SourceTitle "Telechess CBM 141"]
[Source "ChessBase"]
[SourceDate "2011.03.17"]
[SourceVersion "1"]
[SourceVersionDate "2011.03.17"]
[SourceQuality "1"]

1. d4 d6 2. c4 g6 3. Nc3 Bg7 4. e4 Nd7 5. Nf3 e5 6. d5 Ne7 7. Bd3 a6 8. 0-0 0-0 9. Be3 f5 10. Ng5 Nf6 11. f3 f4 12. Bf2 h6 13. Nh3 Bxh3 14. gxh3 Nh7 15. h4 Qd7 16. Kh1 Qh3 17. Rg1 Nf6 18. Bf1 Qd7 19. Bg2 c5 20. Qf1 Qc7 21. Bh3 Rab8 22. Qg2 b5 23. cxb5 axb5 24. Be6+ Kh7 25. Bf5 Nxf5 26. Qxg6+ Kh8 27. exf5 Rb7 28. Rg2 Qd8 29. Rag1 b4 30. Ne4 Ra7 31. Nxf6 Rxf6 32. Qh5 Qf8 33. Rg6 Rxf5 34. Qg4 Rf6 35. Rxf6 Qxf6 36. Ra1 Qf7 37. h5 Qxd5 38. Qc8+ Qg8 39. Qc6 Qa8 40. Qxa8+ Rxa8 41. a3 e4 42. fxe4 Bxb2 43. Rd1 bxa3 44. Rd2 a2 0-1

[Event "LSS No Engine Cup 24 Preliminary 3"]
[Site "LSS email"]
[Date "2010.06.23"]
[Round "?"]
[White "Feng, Jason"]
[Black "Vyletel, Roman"]
[Result "1-0"]
[WhiteElo "915"]
[BlackElo "1219"]
[PlyCount "55"]
[EventDate "2010.06.24"]
[EventType "tourn (corr)"]
[EventRounds "6"]
[EventCountry "GER"]
[SourceTitle "Telechess CBM 143"]
[Source "ChessBase"]
[SourceDate "2011.07.15"]
[SourceVersion "1"]
[SourceVersionDate "2011.07.15"]
[SourceQuality "1"]

1. e4 c5 2. Nc3 e6 3. f4 d5 4. exd5 exd5 5. d4 Nf6 6. Bb5+ Bd7 7. Qe2+ Qe7 8. Qxe7+ Bxe7 9. Nf3 0-0 10. 0-0 a6 11. Bxd7 Nbxd7 12. Be3 b6 13. Ne5 cxd4 14. Bxd4 Rfd8 15. Nc6 Re8 16. Nxe7+ Rxe7 17. Rae1 Rae8 18. Rxe7 Rxe7 19. Bxf6 Nxf6 20. g3 b5 21. Kg2 Re2+ 22. Rf2 Rxf2+ 23. Kxf2 Ng4+ 24. Ke2 Nxh2 25. Nxd5 Ng4 26. Nc7 Nf6 27. Kf3 Nd5 28. Nxd5 1-0

[Event "LSS No Engine Cup 24 Preliminary 3"]
[Site "LSS email"]
[Date "2010.06.23"]
[Round "?"]
[White "Vyletel, Roman"]
[Black "Potemri, Stefan"]
[Result "0-1"]
[WhiteElo "991"]
[BlackElo "1450"]
[PlyCount "30"]
[EventDate "2010.06.24"]
[EventType "tourn (corr)"]
[EventRounds "6"]
[EventCountry "GER"]
[SourceTitle "Corr 2013"]
[Source "ChessBase"]
[SourceDate "2012.11.12"]
[SourceVersion "1"]
[SourceVersionDate "2012.11.12"]
[SourceQuality "1"]

1. d4 d5 2. c4 e6 3. Nc3 Bb4 4. Nf3 Nf6 5. a3 Bxc3+ 6. bxc3 0-0 7. cxd5 exd5 8. Bg5 h6 9. Bh4 g5 10. Nxg5 hxg5 11. Bxg5 Qd6 12. h4 Ne4 13. Qc1 Re8 14. f3 Qg3+ 15. Kd1 Nf2+ 0-1

[Event "LSS SE-2010-0-00050"]
[Site "LSS email"]
[Date "2010.06.22"]
[Round "?"]
[White "Vyletel, Roman"]
[Black "Hilton, Stephen H"]
[Result "1-0"]
[WhiteElo "1225"]
[BlackElo "1038"]
[PlyCount "67"]
[EventDate "2010.05.15"]
[EventType "tourn (corr)"]
[EventRounds "6"]
[EventCountry "GER"]
[SourceTitle "Telechess CBM 141"]
[Source "ChessBase"]
[SourceDate "2011.03.17"]
[SourceVersion "1"]
[SourceVersionDate "2011.03.17"]
[SourceQuality "1"]

1. d4 Nf6 2. c4 g6 3. Nc3 d5 4. Nf3 Bg7 5. e3 0-0 6. cxd5 Nxd5 7. Be2 c5 8. 0-0 Nc6 9. Nxd5 Qxd5 10. dxc5 Qxc5 11. Qb3 Bf5 12. Bd2 Qb6 13. Qxb6 axb6 14. Bc3 e5 15. Nd2 Be6 16. a3 Rfd8 17. Bf3 Bd5 18. Bxd5 Rxd5 19. e4 Rd7 20. Nc4 Ra6 21. Rad1 Rxd1 22. Rxd1 b5 23. Ne3 Ra8 24. Rd7 Rb8 25. Nd5 Kf8 26. Nb6 Ke8 27. Rd5 Rd8 28. g3 Rxd5 29. Nxd5 Kd7 30. f4 Ke6 31. Nc7+ Kd6 32. Nxb5+ Kc5 33. Nc7 Kd6 34. Ne8+ 1-0

[Event "LSS No Engine Cup 23 Preliminary 3"]
[Site "LSS email"]
[Date "2010.06.04"]
[Round "?"]
[White "Pagano, Marcelo Rafael"]
[Black "Vyletel, Roman"]
[Result "0-1"]
[WhiteElo "1596"]
[BlackElo "1166"]
[PlyCount "72"]
[EventDate "2010.06.05"]
[EventType "tourn (corr)"]
[EventRounds "6"]
[EventCountry "GER"]
[SourceTitle "Telechess CBM 143"]
[Source "ChessBase"]
[SourceDate "2011.07.15"]
[SourceVersion "1"]
[SourceVersionDate "2011.07.15"]
[SourceQuality "1"]

1. e4 c5 2. Nf3 d6 3. Bb5+ Bd7 4. Bxd7+ Qxd7 5. 0-0 g6 6. c3 Bg7 7. d4 cxd4 8. cxd4 Nf6 9. Nc3 0-0 10. Qe2 Nc6 11. d5 Ne5 12. Nxe5 dxe5 13. Be3 a6 14. f3 b5 15. Rac1 e6 16. Rfd1 exd5 17. Nxd5 Nxd5 18. Rxd5 Qe6 19. Rcd1 Rfe8 20. b3 Bf8 21. a4 bxa4 22. bxa4 Be7 23. a5 Red8 24. Bb6 Rd6 25. Bc7 Rxd5 26. exd5 Qd7 27. Bxe5 Bd6 28. f4 Qa7+ 29. Qf2 Bc5 30. Bd4 Bxd4 31. Qxd4 Qxd4+ 32. Rxd4 Kf8 33. Rc4 Ra7 34. Rc6 Ke7 35. Kf2 Kd7 36. Ke3 Ra8 0-1

[Event "OP-2010-0-01153"]
[Site "LSS email"]
[Date "2010.05.08"]
[Round "?"]
[White "Peetoom, Frank F"]
[Black "Vyletel, Roman"]
[Result "0-1"]
[WhiteElo "1468"]
[BlackElo "1406"]
[PlyCount "56"]
[EventDate "2010.05.02"]
[EventType "tourn (corr)"]
[EventRounds "4"]
[EventCountry "GER"]
[SourceTitle "Telechess CBM 141"]
[Source "ChessBase"]
[SourceDate "2011.03.17"]
[SourceVersion "1"]
[SourceVersionDate "2011.03.17"]
[SourceQuality "1"]

1. d4 d5 2. Nf3 Nf6 3. Bg5 e6 4. Nc3 Nbd7 5. e4 dxe4 6. Bxf6 Nxf6 7. Ne5 Bb4 8. Bb5+ Bd7 9. Bxd7+ Nxd7 10. 0-0 Nxe5 11. dxe5 Bxc3 12. bxc3 Qxd1 13. Rfxd1 Rd8 14. g3 Ke7 15. Kf1 Rd5 16. Rd4 Rxe5 17. c4 c5 18. Rd2 e3 19. fxe3 Rxe3 20. Rad1 Rc3 21. Rd7+ Kf6 22. Rxb7 Rxc4 23. Rdd7 Rf8 24. Rxa7 Rxc2 25. a4 Rxh2 26. Rdc7 Rc2 27. a5 Kg6 28. a6 Ra2 0-1

[Event "OP-2010-0-01153"]
[Site "LSS email"]
[Date "2010.05.08"]
[Round "?"]
[White "Vyletel, Roman"]
[Black "Kaupat, Heike"]
[Result "1-0"]
[WhiteElo "1401"]
[BlackElo "677"]
[PlyCount "73"]
[EventDate "2010.05.02"]
[EventType "tourn (corr)"]
[EventRounds "4"]
[EventCountry "GER"]
[SourceTitle "Telechess CBM 141"]
[Source "ChessBase"]
[SourceDate "2011.03.17"]
[SourceVersion "1"]
[SourceVersionDate "2011.03.17"]
[SourceQuality "1"]

1. e4 e5 2. Nf3 Nf6 3. Nxe5 d6 4. Nf3 Nxe4 5. d4 d5 6. Qe2 Qe7 7. g3 Nc6 8. c3 Bg4 9. Bg2 Nf6 10. Qxe7+ Bxe7 11. 0-0 0-0-0 12. Nbd2 Rhe8 13. h3 Bxf3 14. Nxf3 Bd6 15. Bg5 Re2 16. Bxf6 gxf6 17. b4 Rde8 18. a4 a6 19. Kh1 Rc2 20. Rfc1 Rxc1+ 21. Rxc1 Re2 22. Kg1 Ne7 23. Kf1 Rb2 24. Ne1 c6 25. Nd3 Rd2 26. Nc5 Bxc5 27. dxc5 Ng6 28. Ke1 Ra2 29. a5 Ne5 30. Rb1 Nd3+ 31. Kf1 Rxf2+ 32. Kg1 Rc2 33. Rf1 Rxc3 34. Rxf6 Nxb4 35. Rxf7 Rxc5 36. Rxh7 Rxa5 37. h4 1-0

[Event "LSS SD-2010-0-00055"]
[Site "LSS email"]
[Date "2010.04.21"]
[Round "?"]
[White "Vyletel, Roman"]
[Black "Ferluga, Sergio"]
[Result "0-1"]
[WhiteElo "1390"]
[BlackElo "1471"]
[PlyCount "38"]
[EventDate "2010.02.26"]
[EventType "tourn (corr)"]
[EventRounds "6"]
[EventCountry "GER"]
[SourceTitle "Telechess CBM 141"]
[Source "ChessBase"]
[SourceDate "2011.03.17"]
[SourceVersion "1"]
[SourceVersionDate "2011.03.17"]
[SourceQuality "1"]

1. d4 Nf6 2. c4 g6 3. Nc3 Bg7 4. e4 d6 5. f4 c5 6. d5 0-0 7. Nf3 e6 8. Bd3 exd5 9. exd5 Re8+ 10. Ne2 b5 11. cxb5 Qb6 12. Bc4 a6 13. bxa6 Bxa6 14. b3 Bxc4 15. bxc4 Ne4 16. Bd2 Bxa1 17. Qxa1 Qa6 18. Kd1 Qxc4 19. Nc1 Nf2# 0-1

[Event "LSS No Engine Cup 13 Preliminary 1"]
[Site "LSS email"]
[Date "2009.12.27"]
[Round "?"]
[White "Ethier, Valori"]
[Black "Vyletel, Roman"]
[Result "1-0"]
[WhiteElo "1478"]
[BlackElo "1444"]
[PlyCount "53"]
[EventDate "2009.12.28"]
[EventType "tourn (corr)"]
[EventRounds "6"]
[EventCountry "GER"]
[SourceTitle "Corr 2013"]
[Source "ChessBase"]
[SourceDate "2012.11.12"]
[SourceVersion "1"]
[SourceVersionDate "2012.11.12"]
[SourceQuality "1"]

1. f4 e6 2. Nf3 Nc6 3. e3 d5 4. b3 Nf6 5. Bb2 h6 6. Be2 Bc5 7. 0-0 0-0 8. d4 Bd6 9. c4 b6 10. Nc3 Bb7 11. Qc2 dxc4 12. bxc4 Ne7 13. Bd3 g6 14. Rae1 Bxf3 15. Rxf3 Kg7 16. c5 bxc5 17. dxc5 Bxc5 18. Ne4 Bxe3+ 19. Rfxe3 Ned5 20. Nxf6 Nxf6 21. g4 Kh7 22. Qc3 e5 23. Qxe5 Ne8 24. f5 Rg8 25. fxg6+ fxg6 26. Bxg6+ Kxg6 27. Qf5# 1-0

[Event "LSS No Engine Cup Gr13 prel 01 email"]
[Site "LSS email"]
[Date "2009.12.27"]
[Round "?"]
[White "Vyletel, Roman"]
[Black "Ogilski, Krzysztof"]
[Result "1/2-1/2"]
[WhiteElo "1685"]
[BlackElo "1892"]
[PlyCount "77"]
[EventDate "2009.12.28"]
[EventType "tourn (corr)"]
[EventRounds "6"]
[EventCountry "GER"]
[SourceTitle "Telechess CBM 137"]
[Source "ChessBase"]
[SourceDate "2010.07.15"]
[SourceVersion "1"]
[SourceVersionDate "2010.07.15"]
[SourceQuality "1"]

1. d4 Nf6 2. c4 g6 3. Nc3 Bg7 4. e4 d6 5. Nf3 0-0 6. Bd3 Bg4 7. 0-0 c5 8. Be3 cxd4 9. Bxd4 Nc6 10. Be3 b6 11. h3 Bxf3 12. Qxf3 Ne5 13. Qe2 Nxd3 14. Qxd3 Rc8 15. Rac1 Nd7 16. f4 Nc5 17. Bxc5 Rxc5 18. b4 Rc8 19. Ne2 Qd7 20. Ng3 Qa4 21. a3 Qd7 22. f5 Rc7 23. Ne2 Qd8 24. g4 Rd7 25. Rfd1 Qc7 26. c5 bxc5 27. bxc5 Rc8 28. cxd6 Qb8 29. fxg6 hxg6 30. Rxc8+ Qxc8 31. Qg3 Qc5+ 32. Kf1 Rxd6 33. Rxd6 Qxd6 34. Qxd6 exd6 35. Nf4 Be5 36. Nd5 Kf8 37. Ke2 Ke8 38. Kd3 Kd7 39. Kc4 1/2-1/2